West Ham football players with the most appearances - Statistics

General Stats
  • This quiz has been taken 72 times
  • The average score is 6 of 10
Answer Stats
Hammer of the Years Appearances Answer % Correct
2012, 2014 526 Mark Noble
95%
1961, 1963, 1968, 1970 647 Bobby Moore
84%
1971, 1974, 1975, 1987 799 Billy Bonds
81%
1972, 1976, 1977, 1978, 1984 643 Trevor Brooking
74%
1966, 1967, 1969 504 Geoff Hurst
71%
None 670 Frank Lampard
56%
1980, 1982, 1983 596 Alvin Martin
44%
1993, 1995 506 Steve Potts
37%
None 505 Vic Watson
31%
None 548 Jimmy Ruffell
0%
No matching quizzes found
Score Distribution
Percent of People with Each Score
Percentile by Number Answered
Your Score History
You have not taken this quiz